Parkovací dom s vybavenosťou, Bajkalská ulica, Bratislava

Salvato in:
Dettagli Bibliografici
Autore principale: Oravcová, Stanislava (Autore)
Altri autori: Janák, Michal (Relatore della tesi)
Natura: Manoscritto Libro
Lingua:slovacco
Pubblicazione: 2025
Soggetti:
Accesso online:http://is.stuba.sk/zp/portal_zp.pl?podrobnosti=168457
Tags: Aggiungi Tag
Nessun Tag, puoi essere il primo ad aggiungerne!!

MARC

LEADER 00000ntm a22000003a 4500
001 stuzp104978
003 SK-STU
005 20250614213519.8
007 ta
008 150427s2015----xo-----f-mn---000-0-slo-d
040 |a STU  |b slo 
041 0 |a slo 
100 1 |a Oravcová, Stanislava  |u 050000  |4 aut  |T FAD Fakulta architektúry a dizajnu  |X 115773  |U A  |Y 50  |7 115773 
242 0 1 |a Car park building, Bajkalská ulica, Bratislava  |y eng 
245 1 0 |a Parkovací dom s vybavenosťou, Bajkalská ulica, Bratislava 
260 |c 2025 
650 4 |a sustainable architecture  |2 eng 
650 4 |a multifunctional building  |2 eng 
650 4 |a parking garage  |2 eng 
650 4 |a udržateľná architektúra  |2 slo 
650 4 |a multifunkčný objekt  |2 slo 
650 4 |a parkovací dom  |2 slo 
700 1 |a Janák, Michal  |4 ths  |X 40127  |7 A000040127 
856 4 |u http://is.stuba.sk/zp/portal_zp.pl?podrobnosti=168457